[Event "RUS-ch Rapid Men 2018"]
[Site "Sochi"]
[Date "2018.10.05"]
[Round "3"]
[White "Gutenev, Alexander"]
[Black "Dudin, Gleb"]
[Result "1-0"]
[WhiteElo "2456"]
[BlackElo "2178"]
[Annotator "ChessBase"]
[PlyCount "69"]
[EventDate "2018.10.05"]
[EventType "swiss"]
[EventCountry "RUS"]
[SourceTitle "playchess.com"]
[Source "ChessBase"]
[SourceQuality "1"]
[TimeControl "900+10"]

1. e4 {[%emt 0:00:18]} e6 {[%emt 0:00:00]} 2. d4 {[%emt 0:00:01]} d5 {[%emt 0:00:00]} 3. Nc3 {[%emt 0:00:02]} Nf6 {[%emt 0:00:00]} 4. e5 {[%emt 0:00:01]} Nfd7 {[%emt 0:00:00]} 5. f4 {[%emt 0:00:01]} c5 {[%emt 0:00:00]} 6. Nf3 {[%emt 0:00:01]} Nc6 {[%emt 0:00:00]} 7. Be3 {[%emt 0:00:01]} a6 {[%emt 0:00:05]} 8. Qd2 {[%emt 0:00:02]} b5 {[%emt 0:00:07]} 9. Be2 {[%emt 0:00:02]} Qb6 {[%emt 0:00:46]} 10. Nd1 {[%emt 0:00:09]} cxd4 {[%emt 0:03:12]} 11. Nxd4 {[%emt 0:00:02]} Bc5 {[%emt 0:00:08]} 12. c3 {[%emt 0:00:01]} b4 {[%emt 0:00:11]} 13. O-O {[%emt 0:00:18]} a5 {[%emt 0:00:29]} 14. Rc1 {[%emt 0:01:45]} bxc3 {[%emt 0:02:57]} 15. bxc3 {[%emt 0:00:01]} O-O {[%emt 0:00:21]} 16. Nb2 {[%emt 0:01:05]} a4 {[%emt 0:03:40]} 17. Rb1 {[%emt 0:00:02]} Qa7 {[%emt 0:00:02]} 18. Bf2 {[%emt 0:01:05]} Nxd4 {[%emt 0:00:11]} 19. cxd4 {[%emt 0:00:02]} Be7 {[%emt 0:00:18]} 20. Nd3 {[%emt 0:01:13]} Ba6 {[%emt 0:00:55]} 21. f5 {[%emt 0:00:07]} exf5 {[%emt 0:00:29]} 22. Nf4 {[%emt 0:00:02]} Bg5 {[%emt 0:01:13]} 23. Be3 {[%emt 0:01:11]} Bxf4 {[%emt 0:01:20]} 24. Rxf4 {[%emt 0:00:27]} Bxe2 {[%emt 0:00:22]} 25. Qxe2 {[%emt 0:00:02]} g6 {[%emt 0:00:24]} 26. Qf3 {[%emt 0:01:19]} Qa5 {[%emt 0:01:47]} 27. Qg3 {[%emt 0:01:12]} Rfb8 {[%emt 0:00:22]} 28. Rbf1 {[%emt 0:00:11]} Kf8 {[%emt 0:00:09]} 29. Rh4 {[%emt 0:00:14]} h5 {[%emt 0:00:08]} 30. e6 {[%emt 0:00:22]} Nf6 {[%emt 0:00:08]} 31. Qe5 {[%emt 0:00:32]} Ng4 {[%emt 0:00:12]} 32. Rxg4 {[%emt 0:00:01]} hxg4 {[%emt 0:00:06]} 33. Bh6+ {[%emt 0:00:08]} Ke8 {[%emt 0:00:15]} 34. Bg5 {[%emt 0:00:22]} fxe6 {[%emt 0:00:11]} 35. Qxe6+ {[%emt 0:00:03]} 1-0

[Event "RUS-ch Rapid Men 2018"]
[Site "Sochi"]
[Date "2018.10.05"]
[Round "3"]
[White "Lugovskoy, Maxim"]
[Black "Savchenko, Boris"]
[Result "0-1"]
[WhiteElo "2428"]
[BlackElo "2562"]
[Annotator "ChessBase"]
[PlyCount "88"]
[EventDate "2018.10.05"]
[EventType "swiss"]
[EventCountry "RUS"]
[SourceTitle "playchess.com"]
[Source "ChessBase"]
[SourceQuality "1"]
[TimeControl "900+10"]

1. d4 {[%emt 0:00:00]} Nf6 {[%emt 0:00:00]} 2. Nc3 {[%emt 0:00:00]} d5 {[%emt 0:00:00]} 3. Bf4 {[%emt 0:00:00]} a6 {[%emt 0:00:00]} 4. Nf3 {[%emt 0:00:00]} e6 {[%emt 0:00:13]} 5. e3 {[%emt 0:00:01]} c5 {[%emt 0:00:02]} 6. dxc5 {[%emt 0:00:01]} Bxc5 {[%emt 0:00:05]} 7. Bd3 {[%emt 0:00:02]} Bb4 {[%emt 0:00:34]} 8. O-O {[%emt 0:00:14]} O-O {[%emt 0:00:12]} 9. a3 {[%emt 0:00:42]} Bxc3 {[%emt 0:00:18]} 10. bxc3 {[%emt 0:00:01]} Nbd7 {[%emt 0:00:07]} 11. c4 {[%emt 0:00:26]} dxc4 {[%emt 0:00:30]} 12. Bxc4 {[%emt 0:00:02]} b5 {[%emt 0:00:02]} 13. Be2 {[%emt 0:00:16]} Nd5 {[%emt 0:00:10]} 14. Bd6 {[%emt 0:01:11]} Re8 {[%emt 0:02:27]} 15. c4 {[%emt 0:01:25]} Nc3 {[%emt 0:00:56]} 16. Qc2 {[%emt 0:00:18]} Nxe2+ {[%emt 0:00:04]} 17. Qxe2 {[%emt 0:00:02]} Nb6 {[%emt 0:00:32]} 18. c5 {[%emt 0:00:37]} Bb7 {[%emt 0:02:14]} 19. Rfd1 {[%emt 0:01:09]} Na4 {[%emt 0:01:54]} 20. Ne5 {[%emt 0:00:27]} Nc3 {[%emt 0:00:17]} 21. Qg4 {[%emt 0:00:41]} Nxd1 {[%emt 0:03:17]} 22. Rxd1 {[%emt 0:00:02]} Rc8 {[%emt 0:00:07]} 23. Nxf7 {[%emt 0:01:28]} Qf6 {[%emt 0:00:48]} 24. Ne5 {[%emt 0:00:22]} Red8 {[%emt 0:00:39]} 25. f4 {[%emt 0:03:10]} Qf5 {[%emt 0:01:13]} 26. Qxf5 {[%emt 0:00:20]} exf5 {[%emt 0:00:03]} 27. Rd4 {[%emt 0:00:02]} a5 {[%emt 0:00:13]} 28. Kf2 {[%emt 0:00:12]} g6 {[%emt 0:00:02]} 29. h3 {[%emt 0:00:07]} Kg7 {[%emt 0:00:03]} 30. g4 {[%emt 0:00:08]} Kf6 {[%emt 0:00:01]} 31. h4 {[%emt 0:01:46]} Ke6 {[%emt 0:00:22]} 32. Ke2 {[%emt 0:00:06]} Be4 {[%emt 0:01:29]} 33. h5 {[%emt 0:00:35]} Rg8 {[%emt 0:00:31]} 34. hxg6 {[%emt 0:00:34]} hxg6 {[%emt 0:00:02]} 35. g5 {[%emt 0:00:41]} Rh8 {[%emt 0:00:02]} 36. Nxg6 {[%emt 0:00:26]} Rh2+ {[%emt 0:00:03]} 37. Kd1 {[%emt 0:00:24]} Rg8 {[%emt 0:00:50]} 38. Nf8+ {[%emt 0:01:46]} Kf7 {[%emt 0:00:09]} 39. g6+ {[%emt 0:00:02]} Ke8 {[%emt 0:00:46]} 40. Rxe4+ {[%emt 0:01:29]} fxe4 {[%emt 0:00:02]} 41. c6 {[%emt 0:00:01]} Rgh8 {[%emt 0:00:17]} 42. g7 {[%emt 0:00:14]} Rh1+ {[%emt 0:00:03]} 43. Kd2 {[%emt 0:00:01]} R8h2+ {[%emt 0:00:01]} 44. Kc3 {[%emt 0:00:01]} Rd1 {[%emt 0:00:14]} 0-1

[Event "RUS-ch Rapid Men 2018"]
[Site "Sochi"]
[Date "2018.10.05"]
[Round "3"]
[White "Pogromsky, Mikhail"]
[Black "Yuffa, Daniil"]
[Result "0-1"]
[WhiteElo "2415"]
[BlackElo "2563"]
[Annotator "ChessBase"]
[PlyCount "72"]
[EventDate "2018.10.05"]
[EventType "swiss"]
[EventCountry "RUS"]
[SourceTitle "playchess.com"]
[Source "ChessBase"]
[SourceQuality "1"]
[TimeControl "900+10"]

1. Nf3 {[%emt 0:00:00]} Nf6 {[%emt 0:00:00]} 2. c4 {[%emt 0:00:00]} g6 {[%emt 0:00:06]} 3. Nc3 {[%emt 0:00:00]} Bg7 {[%emt 0:00:01]} 4. d4 {[%emt 0:00:06]} O-O {[%emt 0:00:03]} 5. h3 {[%emt 0:00:03]} d5 {[%emt 0:00:52]} 6. cxd5 {[%emt 0:00:03]} Nxd5 {[%emt 0:00:02]} 7. e4 {[%emt 0:00:01]} Nxc3 {[%emt 0:00:20]} 8. bxc3 {[%emt 0:00:03]} c5 {[%emt 0:00:07]} 9. Be2 {[%emt 0:00:02]} Nc6 {[%emt 0:00:27]} 10. Be3 {[%emt 0:00:04]} cxd4 {[%emt 0:00:08]} 11. cxd4 {[%emt 0:00:02]} Qa5+ {[%emt 0:00:08]} 12. Bd2 {[%emt 0:00:02]} Qa3 {[%emt 0:00:58]} 13. d5 {[%emt 0:00:06]} Ne5 {[%emt 0:05:08]} 14. Nxe5 {[%emt 0:01:42]} Bxe5 {[%emt 0:00:02]} 15. Rb1 {[%emt 0:00:10]} Qxa2 {[%emt 0:00:33]} 16. O-O {[%emt 0:00:51]} a5 {[%emt 0:01:51]} 17. Bh6 {[%emt 0:02:37]} Rd8 {[%emt 0:01:53]} 18. f4 {[%emt 0:01:11]} Bf6 {[%emt 0:00:28]} 19. Rc1 {[%emt 0:00:57]} a4 {[%emt 0:01:55]} 20. Bc4 {[%emt 0:01:35]} Qb2 {[%emt 0:00:50]} 21. e5 {[%emt 0:00:06]} Bh4 {[%emt 0:00:34]} 22. Rb1 {[%emt 0:06:58]} Qc3 {[%emt 0:00:22]} 23. Ba2 {[%emt 0:00:18]} Bxh3 {[%emt 0:00:55]} 24. Qf3 {[%emt 0:00:52]} Qc5+ {[%emt 0:00:46]} 25. Kh2 {[%emt 0:00:20]} Bf5 {[%emt 0:00:13]} 26. Rxb7 {[%emt 0:00:45]} Qc2 {[%emt 0:00:01]} 27. Bb1 {[%emt 0:00:07]} Qc8 {[%emt 0:00:13]} 28. d6 {[%emt 0:00:08]} exd6 {[%emt 0:00:16]} 29. Ba2 {[%emt 0:00:23]} Be6 {[%emt 0:00:16]} 30. f5 {[%emt 0:00:03]} Bxa2 {[%emt 0:00:12]} 31. fxg6 {[%emt 0:00:08]} hxg6 {[%emt 0:00:17]} 32. Rxf7 {[%emt 0:00:03]} Qe6 {[%emt 0:00:07]} 33. Rf6 {[%emt 0:00:27]} Qxe5+ {[%emt 0:00:03]} 34. Rf4 {[%emt 0:00:02]} Rf8 {[%emt 0:00:19]} 35. Bxf8 {[%emt 0:00:04]} Rxf8 {[%emt 0:00:01]} 36. Qg4 {[%emt 0:00:07]} Bg5 {[%emt 0:00:06]} 0-1

[Event "RUS-ch Rapid Men 2018"]
[Site "Sochi"]
[Date "2018.10.05"]
[Round "3"]
[White "Truskavetsky, Alexandr"]
[Black "Esipenko, Andrey"]
[Result "1/2-1/2"]
[WhiteElo "2393"]
[BlackElo "2609"]
[Annotator "TA"]
[PlyCount "61"]
[EventDate "2018.10.05"]
[EventType "swiss"]
[EventCountry "RUS"]
[SourceTitle "playchess.com"]
[Source "ChessBase"]
[SourceQuality "1"]

{[%evp 18,61,25,4,0,9,22,-16,-14,-70,-70,-70,-64,-70,-56,-67,-70,-66,-53,-58,-45,-52,-44,-52,0,-53,0,-2,-1,-2,0,0,0,0,0,0,0,0,0,0,0,-5,0,0,0,0]} 1. d4 Nf6 2. c4 e6 3. g3 Bb4+ 4. Bd2 Be7 5. Nf3 d5 6. Bg2 O-O 7. O-O Nbd7 8. b3 Ne4 9. Nc3 {E11: Bogo-Indian} c6 10. Qc2 {LiveBook: 6 Games} Nxd2 11. Nxd2 (11. Qxd2 Bb4 12. a3 Ba5 13. b4 Bc7 14. c5 f5 15. b5 Nf6 16. Qc2 Ne4 17. a4 {1-0 (40) Adly,A (2599)-Aronian,L (2785) Doha 2016}) 11... e5 {[%cal Be6e5,Be5d4,Bd4c3,Bc3d2][%mdl 32]} (11... Nf6 {is more complex.} 12. Rad1 Bb4 13. e3 Qc7 14. Ne2 b6) 12. cxd5 (12. dxe5 {feels hotter.} d4 13. e6 Ne5 14. exf7+ Rxf7 15. Na4) 12... exd4 13. dxc6 $146 ({White should try} 13. Na4 $11) ({Predecessor:} 13. Na4 Ne5 14. dxc6 Nxc6 15. Rac1 Nb4 16. Qb1 Nd5 17. Qe4 {1-0 (46) Genutis,M (2285)-Viskelis,D (2272) Lithuania 2018}) 13... dxc3 $15 14. cxd7 cxd2 15. dxc8=Q Rxc8 16. Qe4 b6 17. Rad1 Qd6 18. Qe3 Rc2 19. a4 f5 20. Bb7 Qb4 (20... Kh8 $15) 21. Ba6 (21. Qd3 $11 Rb2 22. Rb1) 21... g6 (21... Qe4 $15 22. Bd3 Qxe3 23. fxe3 Rb2) 22. Bd3 $11 {The position is equal.} Rb2 23. Rb1 Ra2 24. Ra1 Rxa1 ({But not} 24... Qxb3 $2 25. Bb1 $18 (25. Rxa2 d1=Q $14)) 25. Rxa1 Bf6 26. Rd1 Bc3 27. Bc4+ Kg7 $1 28. h4 h5 29. Qf3 Re8 30. Qd3 a5 31. e3 {Precision: White = 53%, Black = 38%.} 1/2-1/2

[Event "RUS-ch Rapid Men 2018"]
[Site "Sochi"]
[Date "2018.10.05"]
[Round "3"]
[White "Ivlev, Aleksey"]
[Black "Sarana, Alexey"]
[Result "1/2-1/2"]
[WhiteElo "2326"]
[BlackElo "2641"]
[Annotator "TA"]
[PlyCount "98"]
[EventDate "2018.10.05"]
[EventType "swiss"]
[EventCountry "RUS"]
[SourceTitle "playchess.com"]
[Source "ChessBase"]
[SourceQuality "1"]

{[%evp 20,98,-5,2,32,27,26,41,24,26,21,0,99,22,48,59,67,54,67,58,74,55,59,64,68,0,6,0,6,0,0,0,0,0,-8,-12,0,0,0,0,0,0,0,0,0,0,0,0,0,0,0,0,0,0,0,0,0,0,0,0,0,0,0,0,0,0,0,0,0,0,0,0,0,0,0,0,0,0,0,-29979,-29978]} 1. d4 Nf6 2. c4 e6 3. Nf3 d5 4. g3 Bb4+ 5. Nbd2 dxc4 6. Bg2 b5 7. a4 c6 8. O-O Bb7 9. Qc2 O-O {E04: Open Catalan: 5 Nf3} (9... Nbd7 10. b3 c3 11. Nb1 bxa4 12. bxa4 c5 13. Nxc3 cxd4 14. Nb5 O-O 15. Qb2 Qa5 16. Nfxd4 Bxg2 17. Kxg2 {½-½ (36) Li,C (2720)-Mamedyarov,S (2768) Doha 2016}) 10. b3 c3 11. Nb1 $1 {LiveBook: 6 Games} c5 {The position is equal.} 12. Nxc3 cxd4 $146 ({Predecessor:} 12... bxa4 13. dxc5 axb3 14. Qxb3 a5 15. Bf4 {0-1 (61) Landa,K (2645)-Movsesian,S (2659) Czechia 2015}) 13. Nxb5 Nc6 14. Bb2 Rc8 15. Qd1 d3 {[#]} (15... Qb6 $11) 16. exd3 (16. Ne5 $1 $16) 16... a6 17. Na3 Qe7 18. Nc4 Rfd8 19. Qe2 Nd7 20. d4 Na5 21. Nxa5 $1 Bxa5 22. Ne5 ({White should play} 22. Rfd1 $14) 22... Nxe5 $11 23. Qxe5 {Threatens to win with Bxb7.} Bxg2 24. Kxg2 Qb7+ 25. Kg1 Rd5 26. Qe3 Rb8 27. Bc3 Qxb3 (27... Bxc3 {is more complex.} 28. Qxc3 g6 29. Rab1 Qd7 30. Rfd1 e5) 28. Bxa5 Rxa5 29. Qxb3 Rxb3 30. Rab1 $1 {[%cal Rb1b3]} Rxb1 31. Rxb1 {[%cal Rb1b8][%mdl 4096] Endgame KR-KR} g5 (31... Kf8 {looks sharper.} 32. Rb4 Ke7 33. Kf1 Kf6 34. Ke2 g5) 32. Rb4 h5 33. f3 Rd5 34. Kf2 Kg7 35. Ke3 Kf6 36. Ke4 Ra5 37. Rc4 Ke7 38. Rc7+ Ke8 39. Rc4 Kd7 40. Rb4 Kc6 41. Rc4+ Kd6 42. Rb4 Ke7 43. Rb7+ Kf6 44. Rb4 Kg6 45. Rc4 g4 46. f4 h4 47. Rc5 Rxa4 {aiming for ...h3.} 48. Rg5+ Kh6 49. Rxg4 $2 {[%mdl 8192] [#]} (49. Ke5 $11) 49... f5+ {[%mdl 32768] Precision: White = 75%, Black = 64%. . An unexpected result.} 1/2-1/2

[Event "RUS-ch Rapid Men 2018"]
[Site "Sochi"]
[Date "2018.10.05"]
[Round "3"]
[White "Kurbedinov, Ramis"]
[Black "Belyakov, Bogdan"]
[Result "0-1"]
[WhiteElo "2305"]
[BlackElo "2458"]
[Annotator "RC"]
[PlyCount "112"]
[EventDate "2018.10.05"]
[EventType "swiss"]
[EventCountry "RUS"]
[SourceTitle "playchess.com"]
[Source "ChessBase"]
[SourceQuality "1"]
[TimeControl "900+10"]

1. Nf3 {[%emt 0:00:00]} d5 {[%emt 0:00:00]} 2. e3 {[%emt 0:00:00]} Bg4 {[%emt 0:00:11]} 3. c4 {[%emt 0:00:00]} dxc4 {[%emt 0:00:23]} 4. Bxc4 {[%emt 0:00:03]} e6 {[%emt 0:00:01]} 5. Qb3 {[%emt 0:00:09]} Bxf3 {[%emt 0:00:12]} 6. gxf3 {[%emt 0:00:01]} Qc8 {[%emt 0:00:28]} 7. d4 {[%emt 0:00:13]} Nf6 {[%emt 0:00:07]} 8. Nc3 {[%emt 0:00:20]} Be7 {[%emt 0:00:10]} 9. d5 {[%emt 0:00:41]} e5 {[%emt 0:02:24]} 10. d6 {[%emt 0:00:10]} cxd6 {[%emt 0:01:24]} 11. Bxf7+ {[%emt 0:00:03]} Kf8 {[%emt 0:00:01]} 12. Be6 {[%emt 0:00:39]} Qc7 {[%emt 0:00:31]} 13. Nd5 {[%emt 0:01:15]} Nxd5 {[%emt 0:00:15]} 14. Bxd5 {[%emt 0:00:02]} Nc6 {[%emt 0:00:18]} 15. Bd2 {[%emt 0:00:06]} Qb6 {[%emt 0:00:20]} 16. Qxb6 {[%emt 0:00:47]} axb6 {[%emt 0:00:02]} 17. a3 {[%emt 0:00:07]} Ke8 {[%emt 0:01:36]} 18. h4 {[%emt 0:01:16]} Bf6 {[%emt 0:00:25]} 19. O-O-O {[%emt 0:01:24]} h5 {[%emt 0:01:18]} 20. Kb1 {[%emt 0:00:14]} Ra4 {[%emt 0:00:34]} 21. Be4 {[%emt 0:01:28]} d5 {[%emt 0:00:58]} 22. Bxd5 {[%emt 0:01:41]} Rxh4 {[%emt 0:00:02]} 23. Bc3 {[%emt 0:01:26]} Rxh1 {[%emt 0:00:10]} 24. Rxh1 {[%emt 0:00:01]} Ke7 {[%emt 0:00:14]} 25. Bb4+ {[%emt 0:00:59]} Kd7 {[%emt 0:01:28]} 26. Be4 {[%emt 0:00:14]} Nxb4 {[%emt 0:00:24]} 27. axb4 {[%emt 0:00:02]} Kc7 {[%emt 0:00:42]} 28. b5 {[%emt 0:01:15]} h4 {[%emt 0:00:12]} 29. Bf5 {[%emt 0:00:38]} Kd6 {[%emt 0:01:27]} 30. Bh3 {[%emt 0:00:46]} Kc5 {[%emt 0:00:04]} 31. Rd1 {[%emt 0:01:10]} Kxb5 {[%emt 0:00:13]} 32. Kc2 {[%emt 0:00:35]} Kc6 {[%emt 0:00:27]} 33. Kb3 {[%emt 0:00:08]} b5 {[%emt 0:00:03]} 34. Bd7+ {[%emt 0:00:31]} Kc5 {[%emt 0:00:18]} 35. Bh3 {[%emt 0:00:06]} Re8 {[%emt 0:00:25]} 36. Rd7 {[%emt 0:00:29]} Kb6 {[%emt 0:00:12]} 37. Rd6+ {[%emt 0:00:08]} Kc5 {[%emt 0:00:07]} 38. Rd7 {[%emt 0:00:02]} e4 {[%emt 0:00:34]} 39. f4 {[%emt 0:00:18]} Rd8 {[%emt 0:02:02]} 40. Rxd8 {[%emt 0:00:12]} Bxd8 {[%emt 0:00:02]} 41. Kc2 {[%emt 0:00:27]} Ba5 {[%emt 0:00:09]} 42. Kd1 {[%emt 0:00:33]} Kc4 {[%emt 0:00:22]} 43. Ke2 {[%emt 0:00:32]} Kb3 {[%emt 0:00:03]} 44. Bg2 {[%emt 0:00:14]} Kxb2 {[%emt 0:00:04]} 45. Bxe4 {[%emt 0:00:01]} b6 {[%emt 0:00:09]} 46. Bd3 {[%emt 0:00:54]} b4 {[%emt 0:00:03]} 47. Kf3 {[%emt 0:00:07]} Kc3 {[%emt 0:00:13]} 48. Bb1 {[%emt 0:00:13]} b5 {[%emt 0:00:02]} 49. Kg4 {[%emt 0:00:04]} Bd8 {[%emt 0:00:02]} 50. e4 {[%emt 0:00:10]} b3 {[%emt 0:00:01]} 51. e5 {[%emt 0:00:03]} b2 {[%emt 0:00:05]} 52. f5 {[%emt 0:00:17]} Kd2 {[%emt 0:00:08]} 53. f6 {[%emt 0:00:02]} gxf6 {[%emt 0:00:02]} 54. e6 {[%emt 0:00:01]} Kc1 {[%emt 0:00:14]} 55. Bf5 {[%emt 0:00:03]} b1=Q {[%emt 0:00:03]} 56. Bxb1 {[%emt 0:00:01]} Kxb1 {[%emt 0:00:01]} 0-1

[Event "RUS-ch Rapid Men 2018"]
[Site "Sochi"]
[Date "2018.10.05"]
[Round "3"]
[White "Chizhikov, Vladislav"]
[Black "Chekhov, Sergei"]
[Result "1-0"]
[WhiteElo "2304"]
[BlackElo "2463"]
[Annotator "TA"]
[PlyCount "91"]
[EventDate "2018.10.05"]
[EventType "swiss"]
[EventCountry "RUS"]
[SourceTitle "playchess.com"]
[Source "ChessBase"]
[SourceQuality "1"]

{[%evp 9,91,0,16,17,37,18,39,45,47,42,45,34,59,60,52,32,41,28,70,45,44,41,37,0,217,219,160,20,258,209,217,220,208,213,635,629,614,613,541,272,241,112,164,30,35,38,50,14,35,-8,-11,-14,-14,-9,-8,-50,-52,-59,-8,-8,0,-8,-8,-8,-8,-8,-8,-131,0,0,47,40,6070,5257,6070,6070,6070,6070,29980,5679,5583,5314,5165,5112]} 1. e4 c5 2. Nf3 e6 3. b3 b6 4. c4 Bb7 5. Nc3 a6 (5... d6 6. Bb2 Nf6 7. Bd3 Nc6 8. O-O Be7 9. Bb1 e5 10. Nd5 O-O 11. Re1 Nd4 12. Bxd4 cxd4 {1-0 (37) Akopian,V (2691)-Grachev,B (2683) Khanty-Mansiysk 2013}) 6. Bb2 {B40: Sicilian: 2...e6, Unusual lines} Qc7 7. Rc1 $146 ({Predecessor:} 7. g3 Nf6 8. Qe2 Nc6 9. Bg2 d6 10. O-O Be7 11. Rac1 Nd7 12. Nd5 exd5 13. cxd5 {0-1 (32) Rivas Pastor,M (2544)-Diamant,A (2486) La Laguna 2010}) 7... d6 8. d4 {White is slightly better.} cxd4 9. Nxd4 Nf6 10. Bd3 Be7 11. O-O Nbd7 12. Bb1 Rc8 13. Qf3 Ne5 14. Qh3 g5 15. f4 gxf4 16. Rxf4 Rg8 $2 (16... h5 $1 $11 {and Black is okay.}) 17. Rcf1 $1 $18 Rg6 {[#]} 18. Kh1 (18. Nd5 $1 $16 {[%cal Rd5c7][%mdl 512]} exd5 (18... Bxd5 19. exd5) 19. exd5) 18... Qb8 $2 (18... Nfg4 $11 {and Black stays safe.} 19. Qxh7 Rh6) 19. Nxe6 fxe6 20. Qxe6 Nfd7 21. Qh3 Nf8 $2 (21... b5 22. Nd5 (22. Qxh7 Nf6 $11) 22... h6) 22. Nd5 Bxd5 23. exd5 Rg5 24. Bc1 {[%cal Bb2c1,Bc1e3,Be3d4][%mdl 32] White threatens Rxf8+! and mate.} Rg8 {[#]} 25. Bf5 (25. Qh6 $1 $18) 25... Kd8 (25... Rc7 $16) 26. Be6 (26. Bb2 $18) 26... Nxe6 $11 27. Qxe6 Re8 $1 28. Re4 {[%mdl 1024] Threatens to win with Be3. White has compensation.} Qc7 $1 29. Be3 Rb8 $1 30. Bd4 Qd7 31. Qh6 $132 {[%mdl 2048] White puts up resistance} Kc7 32. h3 {Black should prevent Rxe5.} Bf8 33. Qe3 Bg7 (33... Kb7 $15) 34. Re1 Kb7 35. Bxb6 {[#]} Nxc4 $1 {[%mdl 512]} 36. bxc4 Rxe4 37. Qxe4 Kxb6 38. Qxh7 {[#]} (38. Qe3+ $11 {was the only way to keep the balance.} Kb7 39. Rb1+ Kc8 40. Rxb8+ Kxb8 41. Qb6+ Kc8 42. Qxa6+ Kd8 43. Qa5+ Qc7 44. Qa8+ Qc8 45. Qa5+ Ke8 46. Qa4+ Ke7 47. Qa7+ Qd7 48. Qe3+ Be5 49. Qg5+ Bf6 50. Qe3+ Be5 51. Qg5+ Bf6 52. Qe3+ Kf7 53. Qf4) 38... Qc7 (38... Rc8 $1 $17 39. Qh4 Be5 40. Qf2+ Rc5) 39. c5+ $1 dxc5 {[#] Strongly threatening ...Qg3.} (39... Ka5 $5 {[%cal Rd6c5]}) 40. d6 $1 {[%mdl 512]} Qf7 $2 {[%mdl 8192]} (40... Qd7 $14) (40... Qxd6 41. Qxg7) 41. Qb1+ $18 Kc6 42. Qxb8 Bd4 43. Rb1 c4 44. Qc7+ (44. Rd1 $142 Qb7 45. Qe8+ Kxd6 46. Qd8+ Ke6 47. Rxd4 Qc6 48. Rf4 Qd5 49. Qf6+ Kd7 50. Rd4 Qxd4 51. Qxd4+ Ke7 52. Qxc4) 44... Qxc7 45. dxc7 Kxc7 46. Rb4 {Precision: White = 37%, Black = 47%.} 1-0

[Event "RUS-ch Rapid Men 2018"]
[Site "Sochi"]
[Date "2018.10.05"]
[Round "3"]
[White "Barsamian, Eduard"]
[Black "Kryakvin, Dmitry"]
[Result "0-1"]
[WhiteElo "2232"]
[BlackElo "2595"]
[Annotator "ChessBase"]
[PlyCount "110"]
[EventDate "2018.10.05"]
[EventType "swiss"]
[EventCountry "RUS"]
[SourceTitle "playchess.com"]
[Source "ChessBase"]
[SourceQuality "1"]
[TimeControl "900+10"]

1. d4 {[%emt 0:00:00]} Nf6 {[%emt 0:00:00]} 2. c4 {[%emt 0:00:00]} c6 {[%emt 0:00:00]} 3. Nf3 {[%emt 0:00:01]} d5 {[%emt 0:00:00]} 4. e3 {[%emt 0:00:11]} Bf5 {[%emt 0:00:01]} 5. Nc3 {[%emt 0:00:16]} e6 {[%emt 0:00:01]} 6. Nh4 {[%emt 0:00:40]} Be4 {[%emt 0:00:31]} 7. f3 {[%emt 0:00:14]} Bg6 {[%emt 0:00:01]} 8. Qb3 {[%emt 0:00:03]} Qc7 {[%emt 0:00:03]} 9. Bd2 {[%emt 0:00:52]} Be7 {[%emt 0:00:15]} 10. Nxg6 {[%emt 0:00:23]} hxg6 {[%emt 0:00:01]} 11. g3 {[%emt 0:00:16]} a6 {[%emt 0:00:13]} 12. Bd3 {[%emt 0:01:03]} dxc4 {[%emt 0:00:17]} 13. Bxc4 {[%emt 0:00:06]} b5 {[%emt 0:00:01]} 14. Be2 {[%emt 0:00:31]} c5 {[%emt 0:00:01]} 15. dxc5 {[%emt 0:00:25]} Nbd7 {[%emt 0:00:01]} 16. Rc1 {[%emt 0:02:38]} Nxc5 {[%emt 0:00:02]} 17. Qc2 {[%emt 0:00:01]} Rc8 {[%emt 0:00:13]} 18. O-O {[%emt 0:00:28]} O-O {[%emt 0:00:07]} 19. b4 {[%emt 0:00:57]} Na4 {[%emt 0:00:23]} 20. Qb3 {[%emt 0:00:08]} Nxc3 {[%emt 0:00:18]} 21. Bxc3 {[%emt 0:02:35]} Nd5 {[%emt 0:00:36]} 22. Bb2 {[%emt 0:00:02]} Qb7 {[%emt 0:01:04]} 23. a3 {[%emt 0:00:04]} Nb6 {[%emt 0:00:28]} 24. Bd4 {[%emt 0:00:29]} Bf6 {[%emt 0:00:38]} 25. Bxf6 {[%emt 0:03:43]} gxf6 {[%emt 0:00:01]} 26. Rfd1 {[%emt 0:00:05]} f5 {[%emt 0:00:17]} 27. Kf2 {[%emt 0:00:07]} Nd5 {[%emt 0:00:13]} 28. h4 {[%emt 0:00:21]} Qb6 {[%emt 0:00:25]} 29. Qd3 {[%emt 0:00:14]} Rfd8 {[%emt 0:00:19]} 30. Qb3 {[%emt 0:01:23]} Kh7 {[%emt 0:00:08]} 31. h5 {[%emt 0:00:22]} g5 {[%emt 0:00:05]} 32. Rxc8 {[%emt 0:00:49]} Rxc8 {[%emt 0:00:02]} 33. Rxd5 {[%emt 0:00:02]} exd5 {[%emt 0:00:05]} 34. Bd3 {[%emt 0:00:00]} Qf6 {[%emt 0:00:44]} 35. g4 {[%emt 0:00:14]} Rc3 {[%emt 0:00:20]} 36. Qxd5 {[%emt 0:00:00]} Rxa3 {[%emt 0:00:07]} 37. Bxf5+ {[%emt 0:00:05]} Kg7 {[%emt 0:00:01]} 38. Be4 {[%emt 0:00:36]} Ra1 {[%emt 0:00:23]} 39. Kg3 {[%emt 0:00:47]} Re1 {[%emt 0:00:47]} 40. Kf2 {[%emt 0:00:11]} Rc1 {[%emt 0:00:08]} 41. Kg3 {[%emt 0:00:01]} Rc3 {[%emt 0:00:18]} 42. Bd3 {[%emt 0:00:14]} Rc8 {[%emt 0:00:58]} 43. f4 {[%emt 0:00:03]} Rd8 {[%emt 0:00:22]} 44. Qe4 {[%emt 0:00:06]} Kf8 {[%emt 0:00:06]} 45. Qh7 {[%emt 0:00:24]} gxf4+ {[%emt 0:00:15]} 46. exf4 {[%emt 0:00:01]} Qc3 {[%emt 0:00:05]} 47. Qh6+ {[%emt 0:00:17]} Ke8 {[%emt 0:00:02]} 48. Kh4 {[%emt 0:00:05]} Rxd3 {[%emt 0:00:06]} 49. Qxa6 {[%emt 0:00:12]} Qe1+ {[%emt 0:00:13]} 50. Kg5 {[%emt 0:00:00]} Qe7+ {[%emt 0:00:01]} 51. Qf6 {[%emt 0:00:20]} Rd6 {[%emt 0:00:07]} 52. Qxe7+ {[%emt 0:00:10]} Kxe7 {[%emt 0:00:01]} 53. f5 {[%emt 0:00:01]} f6+ {[%emt 0:00:28]} 54. Kg6 {[%emt 0:00:04]} Rd4 {[%emt 0:00:01]} 55. g5 {[%emt 0:00:17]} Rg4 {[%emt 0:00:03]} 0-1